000 00567nam a2200181Ia 4500
003 LK-CoDNM
008 010623t2006 xxu||||| |||| 00| 1 sin d
040 _aLK-CoDNM
_dLK-CoDNM
_eLK-CoDNM
041 _asin
080 _a347
_bUBE
100 _aUbayasekara,Indika Hemantha
245 _aරාජ්‍ය නොවන සංවිධාන සහ ශ්‍රී ලංකාව
246 _aRaajya Nowana Sanwidanaya (NGO's) Saha Sri Lankawa
260 _bS.Godage Saha Sahodarayo
_aColombo
_c2006
300 _bp.72, 21 cm
650 _aNGO's
942 _cBK
999 _c126045
_d126045